Greek alphabet : lowercase forms - Statistics

General Stats
  • This quiz has been taken 1,213 times
  • The average score is 21 of 24
Answer Stats
Letter Answer % Correct
α alpha
95%
β beta
95%
π pi
94%
κ kappa
92%
θ theta
92%
λ lambda
90%
χ chi
89%
ε epsilon
89%
ο omicron
89%
ρ rho
89%
τ tau
89%
ψ psi
88%
ι iota
87%
μ mu
87%
ω omega
87%
φ phi
86%
σ/ς sigma
85%
υ upsilon
85%
ζ zeta
84%
δ delta
82%
γ gamma
82%
η eta
79%
ν nu
79%
ξ xi
72%
No matching quizzes found
Score Distribution
Percent of People with Each Score
Percentile by Number Answered
Your Score History
You have not taken this quiz